Naše poslední hodina přežije lidstvo svůj úspěch?
| Main Author: | |
|---|---|
| Other Authors: | |
| Format: | Book |
| Language: | Czech English |
| PhysicalDescription: | 232 s. 21 cm |
| Published: |
Praha
Dokořán Argo
2005
|
| ISBN: | 8073630044 8072036416 |
| Edition: | 1. čes. vyd. |
| Series: | Aliter
|
| Subjects: |
MARC
| LEADER | 00000cam a2200000 a 4500 | ||
|---|---|---|---|
| 001 | vtls008291418 | ||
| 003 | SK-MaSNL | ||
| 005 | 20260301015942.0 | ||
| 008 | 251124s2005 xr g 001 0 cze | ||
| 020 | |a 8073630044 |q (Dokořán : viaz.) | ||
| 020 | |a 8072036416 |q (Argo : viaz.) | ||
| 040 | |a SNK |b slo |c SNK |e AACR2 | ||
| 041 | 1 | |a cze |h eng | |
| 044 | |a xr |c CZ | ||
| 072 | 7 | |a 504 |x Znečistenie a poškodenie životného prostredia |2 konspekt | |
| 080 | |a 504.4 |2 2001 | ||
| 080 | |a 504.61:62 |2 2001 | ||
| 080 | |a 502.17 |2 2001 | ||
| 080 | |a 113 |2 2001 | ||
| 080 | |a 001.18 |2 2001 | ||
| 080 | |a (0.062) |2 2001 | ||
| 100 | 1 | |a Rees, Martin J., |d 1942- |4 aut |9 109281 | |
| 240 | 1 | 0 | |a Our final hour |l Česky |
| 245 | 1 | 0 | |a Naše poslední hodina |b přežije lidstvo svůj úspěch? |c Martin Rees ; [z anglického originálu] přeložil Aleš Drobek |
| 250 | |a 1. čes. vyd. | ||
| 260 | |a Praha |b Dokořán |b Argo |c 2005 | ||
| 300 | |a 232 s. |c 21 cm | ||
| 490 | 0 | |a Aliter |v sv. 21 | |
| 504 | |a Reg. Vysvetlivky | ||
| 650 | 0 | 7 | |a prírodné katastrofy |2 SNKPH |9 3933 |
| 650 | 0 | 7 | |a ochrana životného prostredia |2 SNKPH |9 3352 |
| 650 | 0 | 7 | |a koniec sveta |2 SNKPH |9 22708 |
| 650 | 0 | 7 | |a prognostika |2 SNKPH |9 4366 |
| 655 | 7 | |a populárno-náučné publikácie |2 SNKPH |9 70460 | |
| 700 | 1 | |a Drobek, Aleš, |d 1977- |4 trl |9 131784 | |
| 830 | 0 | |a Aliter |9 306575 | |
| 919 | |a 80-7363-004-4 | ||
| 919 | |a 80-7203-641-6 | ||
| 958 | |a OP | ||
| 958 | |a CZ | ||
| 999 | |c 561925 |d 563855 | ||
| 952 | |t snkREE 504 |a SNKUST |b SNKUST |y PREZ |7 0 |p 17A0531026 |o snkIC 134243 |i snk2006/25021 |8 4 |g 9.73 |0 0 |1 0 |4 0 |d 2006-11-13 |l 0 |r 2025-03-20 00:00:00 |w 2026-02-23 | ||


